| Поле | Инд. | ПП | Название | Значение |
|---|---|---|---|---|
| Тип записи | a | |||
| Библиографический уровень | m | |||
| 001 | Контрольный номер | bdfadd86-1d4c-4f73-bfdf-c99bcb3b6367 | ||
| 005 | Дата корректировки | 20220117102814.8 | ||
| 008 | Кодируемые данные | 061222 | ||
| 020 | a | ISBN | 5-89349-717-1 (Флинта) | |
| a | ISBN | 5-02-033147-3 (Наука) | ||
| 040 | a | Служба первич. каталог. | НБ ТвГУ | |
| 041 | 0_ | a | Код языка текста | rus |
| 080 | a | Индекс УДК | 82.09(075.8) | |
| a | Индекс УДК | 7.03(075.8) | ||
| 084 | a | Индекс другой классификации/Индекс ББК | Ш5(0)я73-1 | |
| a | Индекс другой классификации/Индекс ББК | Щ03(0)я73-1 | ||
| 090 | x | Авторский знак | К 43 | |
| a | Полочн. индекс | Ш5(0) | ||
| 100 | 1_ | a | Автор | Кирьянова Наталия Владимировна |
| e | Роль лиц | Автор | ||
| 245 | 10 | a | Заглавие | История мировой литературы и искусства |
| b | Продолж. заглавия | учебное пособие для студентов вузов, обучающихся по специальности 350400 - Связи с общественностью | ||
| c | Ответственность | Н. В. Кирьянова | ||
| 260 | 0_ | a | Место издания | Москва |
| b | Издательство | Флинта | ||
| b | Издательство | Наука | ||
| c | Дата издания | 2006 | ||
| 300 | a | Объем | 469 с. | |
| 504 | a | Библиография | Библиогр. в конце тем. | |
| 653 | 0_ | a | Ключевые слова | Мировая литература |
| a | Ключевые слова | Литературоведение | ||
| a | Ключевые слова | Зарубежная литература | ||
| a | Ключевые слова | Русская литература | ||
| a | Ключевые слова | Искусство | ||
| a | Ключевые слова | История искусства | ||
| a | Ключевые слова | Русское искусство | ||
| a | Ключевые слова | Зарубежное искусство | ||
| 852 | 41 | i | Расстановочный признак | Проверка 2021 |
| 852 | 41 | t | Порядковый номер экземпляра | 10 |
| 901 | t | Тип документа | m | |
| 920 | a | Оператор | Хохл | |
| a | Оператор | Петр | ||
| 930 | a | Новая/Ретро | ретро | |
| 952 | c | Вид литературы | К ру | |
| 954 | a | Дата поступления на обработку | 20070116 | |
| e | Дата перешифровки | 20211014 | ||
| 954 | a | Дата поступления на обработку | 20220117 |